00768cam a22002411 4500001001300000003000400013005001700017008004100034010001700075035001900092040002600111042001200137050001700149110004100166245009900207260004800306300001800354500001600372650005000388700004300438740002800481999001700509hew63000141 DLC20260227111512.0771011s1963 dcu b f000 0 eng  ahew63000141  a(OCoLC)3333957 aDLCcGAuAdOCoLCdDLC apremarc00aZ5814.G8bU51 aUnited States.bOffice of Education.10aPupil marks and school marking systems;ba selected bibliographyc[prepared by Edith S. Greer. aWashington,bU.S. Govt. Print. Off.,c1963] a22 p.c26 cm. a"OE-20051." 0aGrading and marking (Students)vBibliography.1 aGreer, Edith Christine Simanek,d1904-0 aSchool marking systems. c34451d34451